Score 0/30 Timer 06:00
5 Plays Today
% Correct
Living
96.4%
Hot
94.6%
World
92.3%
Pulp
91.9%
Shawshank
91%
Paris
90.5%
University
89.2%
Seven
88.4%
Lebowski
87.6%
Luke
86.9%
Dirty
84.4%
High
81.8%
Angry
81.4%
Attack
78.2%
American
78%
% Correct
Banks
76%
Kwai
75.2%
Hall
74.1%
Gentlemen
74%
Holiday
68.2%
Costello
67.3%
Lost
66.7%
Smith
66.1%
Sunset
65.5%
Double
57.7%
Sir
52.3%
Valance
46.4%
Heroes
44.5%
Forbidden
26.2%
Magnificent
22.9%
Remove Ads.
Support Sporcle.
Get the best of Sporcle when you Go Orange. This ad-free experience offers more features, more stats, and more fun while also helping to support Sporcle. Thank you for becoming a member.

You're not logged in!

Compare scores with friends on all Sporcle quizzes.
OR
Log In

Show Comments

Extras

Top Quizzes Today


Score Distribution

Your Account Isn't Verified!

In order to create a playlist on Sporcle, you need to verify the email address you used during registration. Go to your Sporcle Settings to finish the process.

Report this User

Report this user for behavior that violates our Community Guidelines.

Details: